000 00769nam a22002777a 4500
001 BR7906428
003 BR-BrBNA
005 20230928090149.0
007 ta
008 230509b bl.||||| |||| 00| 0 por d
040 _aBR-BrBNA
_bpor
_cBiblioteca Nacional de Agricultura
041 _a(Por)
072 _aE30; F00
_b0600
_b/G514
090 _ 0600 BR7906428
110 1 _aSecretaria da Agricultura de Pernambuco, Recife (Brasil)
_98190
245 1 _aPre-projeto fruticultura [Pernambuco; Brasil]
260 3 _aRecife, PE (Brasil):
_c1979.
300 _a5 p.
650 _aPLANEJAMENTO AGRICOLA
650 _aFRUTA
650 _aPROJETO AGRICOLA
650 _aFRUTICULTURA
650 _aPERNAMBUCO
909 _a202309
_bLucia
_c55
_dLucia Elande
942 _cBK
999 _c27977
_d27977